00473nam a2200133Ia 4500008004100000100001700041245002600058260003900084300000900123650001500132942001200147999001500159952016500174191201s2009 xx 000 0 und d aBANSAL, R.K. 0aStrength of Materials aN. DelhibLaxmi Publicationsc2009 a1092 aB.Tech(CE) 2ddccBK c6539d6539 00102ddc40708BTECHCEaPIETbPIETd2016-06-15eLaxmi Publicationsg450.00kTCM/2016/10403l0o620.112 SISp28404r2019-12-04 00:00:00v122.44w2016-06-13yBK